<?xml version="1.0" encoding="UTF-8"?>
<record
    xmlns:xsi="http://www.w3.org/2001/XMLSchema-instance"
    xsi:schemaLocation="http://www.loc.gov/MARC21/slim http://www.loc.gov/standards/marcxml/schema/MARC21slim.xsd"
    xmlns="http://www.loc.gov/MARC21/slim">

  <leader>01432nam a22002537a 4500</leader>
  <controlfield tag="003">NALT</controlfield>
  <controlfield tag="005">20230206114214.0</controlfield>
  <controlfield tag="008">221010b        th ||||| |||| 00| 0 tha d</controlfield>
  <datafield tag="020" ind1=" " ind2=" ">
    <subfield code="a">9748038122</subfield>
  </datafield>
  <datafield tag="040" ind1=" " ind2=" ">
    <subfield code="a">NALT</subfield>
  </datafield>
  <datafield tag="050" ind1=" " ind2=" ">
    <subfield code="a">QL 737.P98</subfield>
    <subfield code="b">&#xE1E;911&#xE21; 2549</subfield>
  </datafield>
  <datafield tag="100" ind1="0" ind2=" ">
    <subfield code="9">59600</subfield>
    <subfield code="a">&#xE40;&#xE1E;&#xE47;&#xE0D;&#xE28;&#xE31;&#xE01;&#xE14;&#xE34;&#xE4C; &#xE08;&#xE31;&#xE01;&#xE29;&#xE38;&#xE08;&#xE34;&#xE19;&#xE14;&#xE32;</subfield>
  </datafield>
  <datafield tag="245" ind1="1" ind2="0">
    <subfield code="a">&#xE21;&#xE2D;&#xE07;&#xE43;&#xE19;&#xE21;&#xE38;&#xE21;&#xE21;&#xE37;&#xE14;&#xE0A;&#xE49;&#xE32;&#xE07;&#xE1B;&#xE48;&#xE32;&#xE43;&#xE19;&#xE1B;&#xE23;&#xE30;&#xE40;&#xE17;&#xE28;&#xE44;&#xE17;&#xE22; =</subfield>
    <subfield code="b">A glimpse of wild elephant in Thailand /</subfield>
    <subfield code="c">&#xE40;&#xE19;&#xE37;&#xE49;&#xE2D;&#xE40;&#xE23;&#xE37;&#xE48;&#xE2D;&#xE07; : &#xE40;&#xE1E;&#xE47;&#xE0D;&#xE28;&#xE31;&#xE01;&#xE14;&#xE34;&#xE4C; &#xE08;&#xE31;&#xE01;&#xE29;&#xE38;&#xE08;&#xE34;&#xE19;&#xE14;&#xE32; ;  &#xE16;&#xE48;&#xE32;&#xE22;&#xE20;&#xE32;&#xE1E; : &#xE41;&#xE22;&#xE19; &#xE41;&#xE21;&#xE47;&#xE17;&#xE17;&#xE39;&#xE2A;&#xE40;&#xE2A;&#xE47;&#xE19;.</subfield>
  </datafield>
  <datafield tag="246" ind1="1" ind2="4">
    <subfield code="a">A glimpse of wild elephant in Thailand.</subfield>
  </datafield>
  <datafield tag="260" ind1=" " ind2=" ">
    <subfield code="a">&#xE01;&#xE23;&#xE38;&#xE07;&#xE40;&#xE17;&#xE1E;&#xE2F; :</subfield>
    <subfield code="b">&#xE2D;&#xE23;&#xE38;&#xE13;&#xE01;&#xE32;&#xE23;&#xE1E;&#xE34;&#xE21;&#xE1E;&#xE4C;,</subfield>
    <subfield code="c">2549.</subfield>
  </datafield>
  <datafield tag="300" ind1=" " ind2=" ">
    <subfield code="a">64 &#xE2B;&#xE19;&#xE49;&#xE32; :</subfield>
    <subfield code="b">&#xE20;&#xE32;&#xE1E;&#xE1B;&#xE23;&#xE30;&#xE01;&#xE2D;&#xE1A;&#xE2A;&#xE35;;</subfield>
    <subfield code="c">30 &#xE0B;&#xE21;.</subfield>
  </datafield>
  <datafield tag="546" ind1=" " ind2=" ">
    <subfield code="a">&#xE21;&#xE35;&#xE40;&#xE19;&#xE37;&#xE49;&#xE2D;&#xE2B;&#xE32;&#xE20;&#xE32;&#xE29;&#xE32;&#xE2D;&#xE31;&#xE07;&#xE01;&#xE24;&#xE29;&#xE1B;&#xE23;&#xE30;&#xE01;&#xE2D;&#xE1A;&#xE43;&#xE19;&#xE40;&#xE25;&#xE48;&#xE21;.</subfield>
  </datafield>
  <datafield tag="650" ind1=" " ind2="4">
    <subfield code="9">13596</subfield>
    <subfield code="a">&#xE0A;&#xE49;&#xE32;&#xE07;</subfield>
  </datafield>
  <datafield tag="650" ind1=" " ind2="4">
    <subfield code="9">13595</subfield>
    <subfield code="a">&#xE0A;&#xE49;&#xE32;&#xE07; </subfield>
    <subfield code="z">&#xE44;&#xE17;&#xE22;</subfield>
  </datafield>
  <datafield tag="710" ind1="2" ind2=" ">
    <subfield code="9">59241</subfield>
    <subfield code="a">&#xE04;&#xE13;&#xE30;&#xE2D;&#xE19;&#xE38;&#xE01;&#xE23;&#xE23;&#xE21;&#xE32;&#xE18;&#xE34;&#xE01;&#xE32;&#xE23;&#xE17;&#xE23;&#xE31;&#xE1E;&#xE22;&#xE32;&#xE01;&#xE23;&#xE18;&#xE23;&#xE23;&#xE21;&#xE0A;&#xE32;&#xE15;&#xE34; &#xE43;&#xE19;&#xE04;&#xE13;&#xE30;&#xE01;&#xE23;&#xE23;&#xE21;&#xE32;&#xE18;&#xE34;&#xE01;&#xE32;&#xE23;&#xE2A;&#xE34;&#xE48;&#xE07;&#xE41;&#xE27;&#xE14;&#xE25;&#xE49;&#xE2D;&#xE21; &#xE27;&#xE38;&#xE12;&#xE34;&#xE2A;&#xE20;&#xE32;</subfield>
  </datafield>
  <datafield tag="850" ind1=" " ind2=" ">
    <subfield code="a">NALT</subfield>
  </datafield>
  <datafield tag="942" ind1=" " ind2=" ">
    <subfield code="2">lcc</subfield>
    <subfield code="c">GB</subfield>
  </datafield>
  <datafield tag="998" ind1=" " ind2=" ">
    <subfield code="a">kornsiririn</subfield>
    <subfield code="j">3099</subfield>
    <subfield code="k"> &#xE1E;&#xE23;&#xE27;&#xE34;&#xE17;&#xE39;  &#xE42;&#xE04;&#xE49;&#xE27;&#xE04;&#xE0A;&#xE32;&#xE20;&#xE23;&#xE13;&#xE4C;</subfield>
  </datafield>
  <datafield tag="999" ind1=" " ind2=" ">
    <subfield code="c">100840</subfield>
    <subfield code="d">100840</subfield>
  </datafield>
  <datafield tag="952" ind1=" " ind2=" ">
    <subfield code="0">0</subfield>
    <subfield code="1">0</subfield>
    <subfield code="2">lcc</subfield>
    <subfield code="4">0</subfield>
    <subfield code="7">0</subfield>
    <subfield code="8">CSEN</subfield>
    <subfield code="a">NALT</subfield>
    <subfield code="b">NALT</subfield>
    <subfield code="c">GEN</subfield>
    <subfield code="d">2022-10-10</subfield>
    <subfield code="o">QL 737.P98 &#xE1E;911&#xE21; 2549</subfield>
    <subfield code="p">0100000600001</subfield>
    <subfield code="r">2023-03-22 00:00:00</subfield>
    <subfield code="w">2022-10-10</subfield>
    <subfield code="y">GB</subfield>
  </datafield>
</record>
